Η επιστημονική επανάσταση

Αποθηκεύτηκε σε:
Λεπτομέρειες βιβλιογραφικής εγγραφής
Κύριος συγγραφέας: Shapin, Steven
Άλλοι συγγραφείς: Καρκάνης, Ηλίας (Μεταφραστής)
Μορφή: Βιβλίο
Γλώσσα:Greek
English
Δημοσίευση: [Αθήνα] : Κάτοπτρο, [2003].
Σειρά:Επιστήμη - Τεχνολογία - Κοινωνία (Κάτοπτρο)
Θέματα:
Ετικέτες: Προσθήκη ετικέτας
Δεν υπάρχουν, Καταχωρήστε ετικέτα πρώτοι!

MARC

LEADER 00000cam a2200000 i 4500
001 1/36554
008 050211s2003 gr | ||| |||| ||gre||
020 |a 9607778723  
035 |l 10085851 
040 |a GR-MyUA  |b gre  |e AACR2 
041 1 |a gre  |h eng 
082 7 |a 509   |2 (22) 
100 1 |a Shapin, Steven. 
245 1 2 |a Η επιστημονική επανάσταση /   |c Steven Shapin ; πρόλογος στην ελληνική έκδοση: Steven Shapin ; επίμετρο στην ελληνική έκδοση Μιχάλης Ασημακόπουλος.  
260 |a [Αθήνα] :   |b Κάτοπτρο,   |c [2003].  
300 |a 276 σ. :   |b εικ. ;   |c 23 εκ.  
490 1 |a (Επιστήμη - Τεχνολογία - Κοινωνία / Κάτοπτρο)  
501 |a Τίτλος πρωτοτύπου: The scientific revolution. 
504 |a Bιβλιογραφία: σ. [193]-235. Ευρετήριο. 
650 0 0 |a Science  |x History. 
700 1 |a Καρκάνης, Ηλίας,  |e trl 
830 0 |a Επιστήμη - Τεχνολογία - Κοινωνία (Κάτοπτρο) 
852 |a INST  |b LESVOS  |e 20100526  |h 509 SHA  |p 005100047404  |q 005100047404  |t BK  |y 0 
852 |a INST  |b RHODES  |e 20071211  |h 509 SHA  |p 005400025027  |q 005400025027  |t BK  |y 0 
852 |a INST  |b SAMOS  |e 20050211  |h 509 SHA  |p 005300025390  |q 005300025390  |t BK  |y 0 
852 |a INST  |b SYROS  |e 20061030  |h 509 SHA  |p 005500004521  |q 005500004521  |t BK  |y 0 
901 |a BIBL5-2006-3 
901 |a BIBL3-2005-1 
901 |a BIBL4-2007-3 
901 |a BIBL1-2010-2 
909 |a Ε  |b 129702 
909 |a Σ  |b 114294 
909 |a Λ  |b 164323 
922 |a 5ΕΛΗ  |b 200610  |c ΒΙΒΛΙΟΘΗΚΗ ΣΥΡΟΥ  |d GLORY BOOK 
922 |a 3ΕΛΗ  |b 200411  |c ΚΥΒ/ΒΙΒΛΙΟΘΗΚΗ  |d ΠΑΠΑΓΕΩΡΓΙΟΥ 
922 |a 4ΕΛΗ  |b 200711  |c ΕΠΕΑΕΚ2/ΠΤΔΕ  |d Σ. ΠΑΤΑΚΗΣ 
950 |a 188-2006-10-09 
950 |a 127-2004-11-04 
970 |a ΚΟΣΙΕΡΗΣ  |b ΧΡΗΣΤΟΣ  |z 2005/02/11